Estrategias de publicidad y promocion/ (Registro nro. 9194)

Detalles MARC
000 -LEADER
fixed length control field 01788nam a2200217Ia 4500
005 - FECHA Y HORA DE LA ÚLTIMA TRANSACCIÓN
control field 20230908094103.0
008 - FIXED-LENGTH DATA ELEMENTS--GENERAL INFORMATION
fixed length control field 230906s9999 xx 000 0 und d
020 ## - INTERNATIONAL STANDARD BOOK NUMBER
International Standard Book Number 9788478290710
040 ## - CATALOGING SOURCE
Original cataloging agency UPAN
Transcribing agency Biblioteca San Vicente
Description conventions RCAA2
041 ## - LANGUAGE CODE
Language code of text/sound track or separate title spa
082 ## - DEWEY DECIMAL CLASSIFICATION NUMBER
Classification number 658.810 2
Item number T455e
año de publicación 2002
100 ## - MAIN ENTRY--PERSONAL NAME
Personal name Tellis,Gerard J.
Relator code aut.
245 #0 - TITLE STATEMENT
Title Estrategias de publicidad y promocion/
Remainder of title Gerard J. Tellis
250 ## - EDITION STATEMENT
Edition statement 1° ed.
260 ## - PUBLICATION, DISTRIBUTION, ETC. (IMPRINT)
Place of publication, distribution, etc España:
Name of publisher, distributor, etc Pearson,
Date of publication, distribution, etc 2002
300 ## - PHYSICAL DESCRIPTION
Extent 651 p.;
Dimensions 27 cm.
505 ## - FORMATTED CONTENTS NOTE
Formatted contents note Primera parte. Introducción a la publicidad y a la promoción de ventas<br/>1. Evolución de la publicidad y la promoción de ventas como decisiones estratégicas<br/>2. El marco legal de la publicidad y las promociones<br/>3. Las agencias de publicidad y el proceso creativo<br/>Segunda parte. Estrategias de comunicación<br/>4. Fundamentos de la persuasión<br/>5. Como captar y mantener la atención del público <br/>6. Persuadir con información y argumentos<br/>7. Persuasión mediante estímulos emocionales<br/>8. Persuasión mediante testimonios<br/>Tercera parte. Estrategias de las promociones de ventas<br/>9. Fundamentos de las promociones de ventas<br/>10. Promociones del distribuidor <br/>11. Promociones del fabricante <br/>12. Promociones hacia el consumidor<br/>Cuarta parte. Planificación de la publicidad y de las promociones<br/>13. Fijación de los objetivos publicitarios y promocionales<br/>14. Control de la efectividad publicitaria<br/>15. Planificación de la publicidad en los medios convencionales<br/>16. Planificación publicitaria en medios no convencionales<br/>17. Determinación del presupuesto y planificación temporal<br/>18. Integración de las estrategias de publicidad y promociones
650 ## - SUBJECT ADDED ENTRY--TOPICAL TERM
Source of heading or term LEMB
Topical term or geographic name as entry element Promoción en ventas
General subdivision Publicidad
700 ## - ADDED ENTRY--PERSONAL NAME
Personal name Ignacio Redondo
Relator code col.
942 ## - ADDED ENTRY ELEMENTS (KOHA)
Koha item type Libros
Source of classification or shelving scheme Dewey Decimal Classification
Existencias
Withdrawn status Lost status Source of classification or shelving scheme Damaged status Not for loan Collection code Home library Current library Date acquired Total Checkouts Full call number Barcode Date last seen Copy number Price effective from Koha item type
    Dewey Decimal Classification     Colección General Biblioteca UPAN San Vicente Biblioteca UPAN San Vicente 06/09/2023   658.810 2 T455e 12002519 06/09/2023 01 06/09/2023 Libros
    Dewey Decimal Classification     Colección General Biblioteca UPAN San Vicente Biblioteca UPAN San Vicente 06/09/2023   658.810 2 T455e 12002520 08/09/2023 02 06/09/2023 Libros
    Dewey Decimal Classification     Colección General Biblioteca UPAN San Vicente Biblioteca UPAN San Vicente 06/09/2023   658.810 2 T455e 12002521 08/09/2023 03 06/09/2023 Libros